00331nam a2200109Ia 4500008004100000041000800041082001600049100001800065245007800083260004100161300001900202241028s9999 xx 000 0 und d aeng a658.408 CLA aWeston Clarke aCorporate Social Responsibility And Sustainability: From Values To Impact bMurphy & Moore PublishingaUSAc2023 a238;. P. 28 cm